[Event "Copenhagen Chess Challenge 2018"]
[Site "Ballerup"]
[Date "2018.04.27"]
[Round "5"]
[White "Hoi, Carsten"]
[Black "Harstad, Christian"]
[Result "1-0"]
[WhiteElo "2374"]
[BlackElo "2000"]
[EventDate "2018.04.25"]
[EventRounds "9"]
[EventCountry "Danmark"]
[WhiteFideId "1400100"]
[BlackFideId "1504045"]

1. d4 Nf6 2. c4 c5 3. e3 e6 4. Nc3 g6 5. Nf3 Bg7 6. Be2 O-O 7. O-O d5 8. cxd5 cxd4 9. exd4 Nxd5 10. Bg5 f6 11. Bd2 Nc6 12. Re1 Kh8 13. Rc1 Nde7 14. Be3 Nf5 15. Qd2 Nxe3 16. Qxe3 Bd7 17. Bc4 e5 18. dxe5 Nxe5 19. Nxe5 fxe5 20. Red1 Qe8 21. Bd5 Bc6 22. Bxc6 Qxc6 23. Ne4 Rad8 24. Rxd8 Rxd8 25. h4 Qa4 26. a3 Rd1+ 27. Rxd1 Qxd1+ 28. Kh2 b6 29. Qh3 Qd8 30. g3 h6 31. Qe6 Qd4 32. Qxg6 Qxb2 33. Qe8+ Kh7 34. Qf7 Kh8 35. Qxa7 Qc2 36. Qa8+ Kh7 37. a4 Qc4 38. Nd6 Qd4 39. Ne4 Qc4 40. Kg2 b5 41. axb5 Qxb5 42. Nd6 Qd7 43. Qe4+ Kh8 44. Qg6 Qc6+ 45. f3 Qd5 46. Nf7+ Kg8 47. Nxh6+ Kh8 48. Nf7+ Kg8 49. Ng5 Qa2+ 50. Kh3  1-0

[Event "Copenhagen Chess Challenge 2018"]
[Site "Ballerup"]
[Date "2018.04.27"]
[Round "5"]
[White "Hobber, Anders"]
[Black "Kristensen, Kaare Hove"]
[Result "0-1"]
[WhiteElo "2268"]
[BlackElo "2313"]
[EventDate "2018.04.25"]
[EventRounds "9"]
[EventCountry "Danmark"]
[WhiteFideId "1505424"]
[BlackFideId "1400940"]

1. d4 Nf6 2. Nf3 d5 3. Bf4 c5 4. e3 Qb6 5. Qc1 Nc6 6. c3 Bf5 7. Nbd2 cxd4 8. exd4 Rc8 9. a3 Ne4 10. Be3 Nxd2 11. Nxd2 e6 12. Be2 Be7 13. O-O O-O 14. b4 a5 15. Qb2 Qc7 16. b5 Nb8 17. c4 dxc4 18. Nxc4 Be4 19. Rfc1 Qd8 20. Qd2 Nd7 21. Bf4 Bd5 22. Ne3 Rxc1+ 23. Qxc1 Nf6 24. Qc7 Qxc7 25. Bxc7 Rc8 26. Bxa5 Ra8 27. Bb6 Rxa3 28. Rxa3 Bxa3 29. Bc5 Bxc5 30. dxc5 Kf8 31. Bc4 Bxc4 32. Nxc4 Ne4 33. c6 bxc6 34. b6 Nc5 35. Na5 Nd7 36. Nxc6 Nxb6 37. f4 Nd5 38. g3 f6 39. Kf2 Ke8 40. Kf3 Kd7 41. Nd4 Kd6 42. Ke4 Nc7 43. Nf3 Nb5 44. Nd2 Kc5 45. Nf3 Nd6+ 46. Ke3 Kd5 47. Ke2 e5 48. fxe5 fxe5 49. Ke3 Nf5+ 50. Kd2 h6 51. Ne1 Ke4 52. Ke2 Nd4+ 53. Kf2 g5 54. h3 h5 55. Ng2 Kd3 56. Ne3 e4 57. Nd1 Nc2 58. Nb2+ Kc3 59. Na4+ Kd2 60. Nc5 e3+ 61. Kf3 Nd4+ 62. Kg2 e2 63. Ne4+ Ke3  0-1

[Event "Copenhagen Chess Challenge 2018"]
[Site "Ballerup"]
[Date "2018.04.27"]
[Round "5"]
[White "Stray, Gunnar"]
[Black "Boe, Mads"]
[Result "0-1"]
[WhiteElo "2042"]
[BlackElo "2301"]
[EventDate "2018.04.25"]
[EventRounds "9"]
[EventCountry "Danmark"]
[WhiteFideId "1501631"]
[BlackFideId "1401408"]

1. Nf3 d5 2. d4 Nf6 3. g3 c6 4. Bg2 Bf5 5. O-O e6 6. b3 Nbd7 7. Bb2 Bd6 8. Nbd2 h6 9. Re1 Qc7 10. c4 Bh7 11. Rc1 O-O 12. c5 Be7 13. b4 a5 14. a3 b6 15. Bc3 bxc5 16. bxc5 Rfb8 17. Bh3 Rb7 18. Bf1 Qb8 19. h3 Bd8 20. Qa4 Qc7 21. Qd1 Rab8 22. e3 Ra7 23. a4 Rbb7 24. Be2 Qb8 25. Ra1 Bc7 26. Bf1 Ra8 27. Rc1 Qf8 28. Be2 Kh8 29. Bf1 Qe7 30. Be2 g5 31. Bf1 Rbb8 32. Ba1 Bg6 33. Be2 Kh7 34. Bf1 Rb7 35. Be2 Kh8 36. Bf1 Bh7 37. Be2 Rg8 38. Ba6 Ra7 39. Bf1 Rb8 40. Be2 Kg8 41. Bc3 Qf8 42. Bf1 Qg7 43. Nh2 Raa8 44. Be2 Bg6 45. Ra1 Qh7 46. Rc1 Rb7 47. Bf1 Nb8 48. Qf3 Qg7 49. Ng4 Nxg4 50. hxg4 Nd7 51. e4 Nf6 52. e5 Ne4 53. Nxe4 Bxe4 54. Qd1 Qh7 55. Qd2 Bg6 56. Be2 Qg7 57. Bd3 Bxd3 58. Qxd3 Qh7 59. Qxh7+ Kxh7 60. Rb1 Rab8 61. Rxb7 Rxb7 62. Ra1 Rb3 63. Bd2 Kg6 64. Kg2 Bd8 65. Bc1 f6 66. Ra3 Rb4 67. Be3 fxe5 68. dxe5 Rxg4 69. f4 gxf4 70. Bxf4 Bg5 71. Kf3 Kf5 72. Bxg5 hxg5  0-1

[Event "Copenhagen Chess Challenge 2018"]
[Site "Ballerup"]
[Date "2018.04.27"]
[Round "5"]
[White "Rishovd, Svein"]
[Black "Berg, Klaus"]
[Result "0-1"]
[WhiteElo "2110"]
[BlackElo "2335"]
[EventDate "2018.04.25"]
[EventRounds "9"]
[EventCountry "Danmark"]
[WhiteFideId "1513060"]
[BlackFideId "1400053"]

1. d4 Nf6 2. c4 g6 3. Nf3 Bg7 4. g3 c5 5. Bg2 O-O 6. O-O cxd4 7. Nxd4 Nc6 8. Nc3 Ng4 9. e3 d6 10. Nxc6 bxc6 11. Bxc6 Rb8 12. Bg2 Ne5 13. Qa4 Qd7 14. Qxd7 Bxd7 15. c5 dxc5 16. Ne4 Nd3 17. Rd1 c4 18. Rb1 Rfc8 19. Bf1 Ba4 20. b3 cxb3 21. axb3 Nxc1 22. Rdxc1 Rxc1 23. Rxc1 Bxb3 24. Nc5 Bd5 25. e4 Bc6 26. e5 Rb6 27. f4 e6 28. Ra1 Bf8 29. Nd3 Rb7 30. Kf2 Rb3 31. Ke2 Ra3 32. Rb1 Ra2+ 33. Ke3 Rxh2 34. Be2 Rh1 35. Rb8 Kg7 36. Kd4 Ra1 37. Rc8 Bd5 38. g4 Ra4+ 39. Ke3 Re4+ 40. Kf2 Rc4 41. Rb8 a5 42. Rb5 a4 43. Ra5 a3 44. f5 Rc8 45. Bd1 a2 46. f6+ Kg8 47. Nb2 Ra8 48. Rxa8 Bxa8  0-1

[Event "Copenhagen Chess Challenge 2018"]
[Site "Ballerup"]
[Date "2018.04.27"]
[Round "5"]
[White "Rostgaard, Tobias Valentin"]
[Black "Adinolfi, Vincenzo"]
[Result "1-0"]
[WhiteElo "2311"]
[BlackElo "2053"]
[EventDate "2018.04.25"]
[EventRounds "9"]
[EventCountry "Danmark"]
[WhiteFideId "1408801"]
[BlackFideId "805556"]

1. d4 Nf6 2. Bf4 e6 3. e3 c5 4. c3 b6 5. Nf3 Bb7 6. Bd3 Be7 7. Nbd2 d5 8. Ne5 O-O 9. Qb1 Nbd7 10. h4 cxd4 11. exd4 h5 12. Rh3 Nxe5 13. dxe5 Ne8 14. Qd1 g6 15. Bh6 Ng7 16. g4 d4 17. c4 Bxh4 18. gxh5 f5 19. hxg6 Bg2 20. Rh2 Be4 21. Bxe4 fxe4 22. Nxe4 Qe7 23. Qg4 Qb4+ 24. Bd2 Qxb2 25. Qxh4 Qxa1+ 26. Ke2 d3+ 27. Kxd3 Rad8+ 28. Ke2 Rxd2+ 29. Kxd2 Qb2+ 30. Ke1 Qc1+ 31. Ke2 Qxc4+ 32. Kd2 Rd8+  1-0

[Event "Copenhagen Chess Challenge 2018"]
[Site "Ballerup"]
[Date "2018.04.27"]
[Round "5"]
[White "Moe, Mogens"]
[Black "Sorensen, Per Settergren"]
[Result "1-0"]
[WhiteElo "2233"]
[BlackElo "2034"]
[EventDate "2018.04.25"]
[EventRounds "9"]
[EventCountry "Danmark"]
[WhiteFideId "1400550"]
[BlackFideId "1413872"]

1. e4 c5 2. Nf3 d6 3. d4 Nf6 4. Nc3 cxd4 5. Nxd4 g6 6. Be2 Bg7 7. O-O Nc6 8. Be3 O-O 9. Qd2 Ng4 10. Bxg4 Bxg4 11. h3 Bd7 12. Rad1 Rc8 13. f4 a6 14. Nf3 Be6 15. f5 Bc4 16. Rf2 Ne5 17. Bh6 Nxf3+ 18. gxf3 Re8 19. Bxg7 Kxg7 20. b3 Bb5 21. Nd5 Bc6 22. Nf4 Qb6 23. Kh1 Kh8 24. fxg6 e5 25. gxf7 exf4 26. fxe8=Q+ Rxe8 27. Rg2 Qe3 28. Qxd6 Qc3 29. Rd3 Qe1+ 30. Rg1 Qh4 31. Qd4+  1-0

[Event "Copenhagen Chess Challenge 2018"]
[Site "Ballerup"]
[Date "2018.04.27"]
[Round "5"]
[White "Dalsberg, Sandra de Blecourt"]
[Black "Brondt, Nicolai Kvist"]
[Result "1-0"]
[WhiteElo "2075"]
[BlackElo "2179"]
[EventDate "2018.04.25"]
[EventRounds "9"]
[EventCountry "Danmark"]
[WhiteFideId "1004948"]
[BlackFideId "1413848"]

1. d4 Nf6 2. c4 e6 3. Nc3 Bb4 4. e3 O-O 5. Nge2 c6 6. Bd2 d5 7. cxd5 exd5 8. g3 Bf5 9. Bg2 Re8 10. O-O Qe7 11. Re1 Nbd7 12. f3 c5 13. Nf4 Nb6 14. g4 Bxc3 15. Bxc3 Bg6 16. dxc5 Qxc5 17. Qd4 Qxd4 18. Bxd4 Nfd7 19. a4 Ne5 20. Bxb6 axb6 21. Nxd5 Rad8 22. e4 Nd3 23. Red1 Nxb2 24. Rd4 Rc8 25. Bf1 h5 26. h3 hxg4 27. hxg4 f5 28. gxf5 Bh5 29. Kf2 Bf7 30. Rb1 Rc2+ 31. Kg3 Bxd5 32. exd5 Rec8 33. d6 Kf8 34. d7 Rd8 35. Bb5  1-0

[Event "Copenhagen Chess Challenge 2018"]
[Site "Ballerup"]
[Date "2018.04.27"]
[Round "5"]
[White "Jorgensen, Dennis"]
[Black "Vangsgaard, Bjarke"]
[Result "1-0"]
[WhiteElo "2164"]
[BlackElo "1940"]
[EventDate "2018.04.25"]
[EventRounds "9"]
[EventCountry "Danmark"]
[WhiteFideId "1408380"]
[BlackFideId "1436570"]

1. Nf3 Nf6 2. b3 g6 3. Bb2 Bg7 4. e3 O-O 5. Be2 c5 6. c4 Nc6 7. O-O b6 8. d3 Bb7 9. a3 e6 10. Nbd2 d5 11. Qc2 Rc8 12. Rfe1 Qd6 13. Bf1 d4 14. exd4 cxd4 15. b4 a6 16. Rac1 Rfd8 17. Qb1 Nd7 18. Ne4 Qe7 19. c5 bxc5 20. bxc5 Nde5 21. Nfd2 Bh6 22. Rc2 Ba8 23. Bc1 Rb8 24. Qa2 Rd5 25. Nc4 Bxc1 26. Rexc1 h5 27. Nb6 Rdd8 28. Rb1 g5 29. Rcc1 g4 30. Qd2 f5 31. Nd6 Kh7 32. Nxa8 Rxa8 33. Rb7 Rd7 34. Rcb1 Ra7 35. Rxa7 Rxa7 36. Nc8 Qxc5 37. Rc1 Qd5 38. Nxa7 Na5 39. Qg5 Qb7 40. Qxh5+ Kg7 41. Qg5+ Ng6 42. Nc8 Nc6 43. Nd6 Qd7 44. Nc4 Qd5 45. Rb1 Nd8 46. Qc1 f4 47. Nb6 Qh5 48. Nc4 Qh4 49. Qe1 Qf6 50. Qe4 f3 51. Qxg4  1-0

[Event "Copenhagen Chess Challenge 2018"]
[Site "Ballerup"]
[Date "2018.04.27"]
[Round "5"]
[White "Pakmor, Claus"]
[Black "Pajeken, Jakob Leon"]
[Result "1/2-1/2"]
[WhiteElo "2010"]
[BlackElo "2152"]
[EventDate "2018.04.25"]
[EventRounds "9"]
[EventCountry "Danmark"]
[WhiteFideId "1431609"]
[BlackFideId "12942839"]

1. e4 e5 2. Nf3 Nc6 3. Bb5 a6 4. Ba4 Nf6 5. O-O Be7 6. Re1 b5 7. Bb3 d6 8. c3 O-O 9. h3 Na5 10. Bc2 c5 11. d4 Nd7 12. Nbd2 exd4 13. cxd4 Nc6 14. Nf1 cxd4 15. Nxd4 Nxd4 16. Qxd4 Ne5 17. Rb1 Bxh3 18. f4 Nc6 19. Qc3 Bd7 20. Be3 Rc8 21. Qd2 Be6 22. a3 Bf6 23. Red1 Qa5 24. Qf2 Qc7 25. Bb6 Qb8 26. Rd3 Bc4 27. Rh3 g6 28. Nh2 Qxb6 29. Qxb6 Bd4+ 30. Qxd4 Nxd4 31. Bd1 Rfe8 32. Re3 Ba2 33. Ra1 Bd5 34. Ng4 Bxe4 35. Rxe4 Rxe4 36. Nf6+ Kg7 37. Nxe4 d5 38. Nc3 Rd8 39. Kf2 Ne6 40. g3 d4 41. Ne4 Rc8 42. Bb3 Nf8 43. Rd1 Rd8 44. Nc5 Rd6 45. Nd3 a5 46. Rc1 a4 47. Ba2 Ne6 48. Nc5 Nd8 49. Ne4 Rd7 50. Rc5 Re7 51. Nd2 d3 52. Re5 Rb7 53. Rd5 Nc6 54. Rd6 Na5 55. Ke3 b4 56. axb4 Rxb4 57. Rd4 Rxb2 58. Rxa4 Nc6 59. Bc4 Rb7 60. Kxd3 Rd7+ 61. Kc3 Ne7 62. Ra3 h5 63. Ne4 Nf5  1/2-1/2

[Event "Copenhagen Chess Challenge 2018"]
[Site "Ballerup"]
[Date "2018.04.27"]
[Round "5"]
[White "Andersen, Lars Ren"]
[Black "Thybo, Thomas Sondergaard"]
[Result "1-0"]
[WhiteElo "2116"]
[BlackElo "2004"]
[EventDate "2018.04.25"]
[EventRounds "9"]
[EventCountry "Danmark"]
[WhiteFideId "1404792"]
[BlackFideId "1441299"]

1. d4 d5 2. Nf3 Nf6 3. c4 e6 4. g3 Be7 5. Bg2 O-O 6. O-O dxc4 7. Ne5 Nc6 8. Bxc6 bxc6 9. Nxc6 Qe8 10. Nxe7+ Qxe7 11. Qa4 Qd6 12. Nc3 Qxd4 13. Be3 Qg4 14. f3 Qh5 15. Qxc4 Rb8 16. b3 Qa5 17. Qc5 Qxc5 18. Bxc5 Rd8 19. Bxa7 Ra8 20. Be3 Bb7 21. Na4 Nd5 22. Kf2 Bc6 23. Nc5 Ra5 24. Rfc1 Ba8 25. Bd2 Ra3 26. e4 Nb6 27. Bf4 Ra7 28. Rc2 Nc8 29. Rac1 Nd6 30. Na4 c6 31. Rd2 e5 32. Be3 Re7 33. Rcd1  1-0

[Event "Copenhagen Chess Challenge 2018"]
[Site "Ballerup"]
[Date "2018.04.27"]
[Round "5"]
[White "Andersen, Daniel"]
[Black "Brynell, Stellan"]
[Result "0-1"]
[WhiteElo "1810"]
[BlackElo "2420"]
[EventDate "2018.04.25"]
[EventRounds "9"]
[EventCountry "Danmark"]
[WhiteFideId "1402714"]
[BlackFideId "1700219"]

1. c4 Nf6 2. Nc3 e5 3. Nf3 Nc6 4. d4 exd4 5. Nxd4 Bb4 6. Nxc6 Bxc3+ 7. bxc3 bxc6 8. Bg5 h6 9. Bh4 Qe7 10. e3 g5 11. Bg3 d6 12. Be2 Bf5 13. O-O O-O 14. Bd3 Bxd3 15. Qxd3 Rab8 16. f3 c5 17. Rab1 Qe6 18. e4 Rb6 19. Rbe1 Nh5 20. f4 f6 21. fxg5 hxg5 22. h4 Qg4 23. Qf3 Qxf3 24. Rxf3 g4 25. Rd3 Re8 26. Kh2 Kf7 27. Rd5 Kg6 28. Rf1 Rh8 29. Rd2 Rhb8 30. Rff2 Rb1 31. Rfe2 Rc1  0-1

[Event "Copenhagen Chess Challenge 2018"]
[Site "Ballerup"]
[Date "2018.04.27"]
[Round "5"]
[White "Vesterli, Michael E"]
[Black "Vangsgaard, Freja"]
[Result "1-0"]
[WhiteElo "2149"]
[BlackElo "1970"]
[EventDate "2018.04.25"]
[EventRounds "9"]
[EventCountry "Danmark"]
[WhiteFideId "1417339"]
[BlackFideId "1436589"]

1. d4 Nf6 2. c4 e6 3. Nf3 b6 4. Bg5 Bb7 5. e3 Be7 6. Bd3 O-O 7. O-O d6 8. Nc3 Nbd7 9. Qc2 h6 10. Bh4 Nh5 11. Bxe7 Qxe7 12. Rfd1 f5 13. d5 Nc5 14. Nd4 Nxd3 15. Qxd3 e5 16. Nxf5 Qf7 17. e4 Bc8 18. a4 Nf4 19. Qc2 Bxf5 20. exf5 a5 21. g3 Qh5 22. gxf4 exf4 23. f3 Rxf5 24. Qf2 Rg5+ 25. Kh1 Rg3 26. Rd3 Re8 27. Ne2 Qf5 28. Nxf4 Rg5 29. Rd4 Qf6 30. Ne6 Rf5 31. f4 c5 32. Rd3 Rxe6 33. dxe6 Rxf4 34. Qg2 Rf2 35. e7 Rxg2 36. e8=Q+ Kh7 37. Kxg2 Qxb2+ 38. Kf3 Qxa1 39. Qe4+ Kg8 40. Qe6+ Kh7 41. Qxd6 Qh1+ 42. Ke3 Qe1+ 43. Kf4 Qf2+ 44. Ke4 Qe2+ 45. Kf5 Qh5+ 46. Ke6 Qe8+ 47. Kd5 Qa8+ 48. Ke5 Qg2 49. Rg3 Qe2+ 50. Kd5 Qh5+ 51. Kc6 Qe8+ 52. Kb7 Qf7+ 53. Qc7 Qf6 54. Rxg7+ Qxg7 55. Qxg7+  1-0

[Event "Copenhagen Chess Challenge 2018"]
[Site "Ballerup"]
[Date "2018.04.27"]
[Round "5"]
[White "Thorsbro, Peter"]
[Black "Andersen, Kim Nyvang"]
[Result "1-0"]
[WhiteElo "2144"]
[BlackElo "1962"]
[EventDate "2018.04.25"]
[EventRounds "9"]
[EventCountry "Danmark"]
[WhiteFideId "1406671"]
[BlackFideId "1415743"]

1. d4 g6 2. c4 Bg7 3. e4 d6 4. Nf3 Nf6 5. Nc3 O-O 6. Be2 e5 7. Be3 Ng4 8. Bg5 f6 9. Bh4 Nc6 10. d5 Ne7 11. Nd2 Nh6 12. f3 g5 13. Bf2 f5 14. c5 Ng6 15. cxd6 cxd6 16. Rc1 Nf4 17. O-O g4 18. Nc4 Nxe2+ 19. Qxe2 f4 20. Kh1 g3 21. Bg1 Rf6 22. Rfd1 Nf7 23. Nd2 Rh6 24. Nf1 Qh4 25. Nb5 Ng5 26. Nxa7 Bg4 27. fxg4 f3 28. gxf3 Nh3 29. Qg2 gxh2 30. Be3 Rxa7 31. Rc8+ Bf8 32. Bxa7 Nf4 33. Qf2  1-0

[Event "Copenhagen Chess Challenge 2018"]
[Site "Ballerup"]
[Date "2018.04.27"]
[Round "5"]
[White "Tenold, Andreas"]
[Black "Petersen, Flemming Petri"]
[Result "1/2-1/2"]
[WhiteElo "1755"]
[BlackElo "2078"]
[EventDate "2018.04.25"]
[EventRounds "9"]
[EventCountry "Danmark"]
[WhiteFideId "1525840"]
[BlackFideId "1402617"]

1. e4 c6 2. d4 d5 3. Nc3 dxe4 4. Nxe4 Nf6 5. Nxf6+ gxf6 6. Be3 Bf5 7. Bd3 Bxd3 8. Qxd3 Nd7 9. O-O-O Qa5 10. Kb1 e6 11. Nf3 O-O-O 12. Qb3 Bd6 13. c4 Qf5+ 14. Ka1 Bf4 15. c5 Bxe3 16. Qxe3 Rhg8 17. Rhe1 Qd5 18. g3 Nxc5 19. Rc1 Na6 20. Red1 Nb4 21. Qa3 a5 22. Ne1 Rg4 23. f4 Rgg8 24. Nc2 Nxc2+ 25. Rxc2 Qe4 26. Rc4 Rd5 27. b4 Rgd8 28. Qc3 axb4 29. Qxb4 Kb8 30. Qb6 R8d7 31. Rxc6 Rxd4 32. Rdc1 Rd8 33. Qc7+ Ka7 34. Qb6+  1/2-1/2

[Event "Copenhagen Chess Challenge 2018"]
[Site "Ballerup"]
[Date "2018.04.27"]
[Round "5"]
[White "Bronnum, Jan"]
[Black "Haugli, Petter"]
[Result "1/2-1/2"]
[WhiteElo "2088"]
[BlackElo "2250"]
[EventDate "2018.04.25"]
[EventRounds "9"]
[EventCountry "Danmark"]
[WhiteFideId "1400908"]
[BlackFideId "1500104"]

1. d4 Nf6 2. Bf4 g6 3. Nc3 d5 4. e3 Bg7 5. Be2 c5 6. Nf3 O-O 7. O-O cxd4 8. exd4 Nc6 9. Ne5 Qb6 10. Nxc6 bxc6 11. Na4 Qd8 12. Be5 Nd7 13. Bxg7 Kxg7 14. f4 Nf6 15. g4 Rh8 16. Nc5 h5 17. g5 Ne4 18. Nxe4 dxe4 19. c3 Bf5 20. Qd2 Qb6 21. b4 a5 22. a3 Ra7 23. Bc4 Rha8 24. Rae1 axb4 25. axb4 Ra3 26. Qe3 e6 27. Qd2 R8a7 28. Qb2 Qb8 29. h4 Qa8 30. Rf2 Kg8 31. Qd2 Ra1 32. Rff1 Bh3 33. Rxa1 Rxa1 34. Re1 Bg4 35. Kf2 Bf3 36. Ke3 Qa3 37. Kf2 Rxe1 38. Qxe1 Qb2+ 39. Ke3 Qh2 40. Qf2 Qh3 41. Kd2 Bg2 42. b5 cxb5 43. Bxb5 e3+ 44. Qxe3 Qxh4 45. c4 Qg4 46. Qe5 h4 47. d5 exd5 48. cxd5 h3 49. d6 h2 50. d7 Qxd7+ 51. Bxd7 h1=Q 52. Qe8+ Kg7 53. Be6 fxe6 54. Qe7+ Kh8 55. Qf6+ Kh7  1/2-1/2

[Event "Copenhagen Chess Challenge 2018"]
[Site "Ballerup"]
[Date "2018.04.27"]
[Round "5"]
[White "Gjestemoen VonHirsch, Andre"]
[Black "Steenstrup, Svend"]
[Result "0-1"]
[WhiteElo "1691"]
[BlackElo "1976"]
[EventDate "2018.04.25"]
[EventRounds "9"]
[EventCountry "Danmark"]
[WhiteFideId "1539531"]
[BlackFideId "1409182"]

1. e4 c5 2. Nf3 d6 3. d4 cxd4 4. Nxd4 Nf6 5. Nc3 a6 6. Bg5 e6 7. f4 Be7 8. Qf3 Qc7 9. O-O-O b5 10. a3 Bb7 11. Qg3 Nbd7 12. Bxf6 Nxf6 13. e5 Nh5 14. Qg4 dxe5 15. Nxe6 fxe6 16. Qxh5+ g6 17. Qxe5 Qxe5 18. fxe5 Bg5+ 19. Kb1 Ke7 20. Bd3 Bf4 21. Be4 Bxe4 22. Nxe4 Rhd8 23. g3 Bxe5 24. Rde1 Rd5 25. Rhf1 h6 26. Re2 Rad8 27. Ka2 Bg7 28. Rfe1 Rd1 29. Rxd1 Rxd1 30. Nc5 Rd6 31. b4 Rc6 32. Kb3 a5 33. g4 a4+ 34. Nxa4 bxa4+ 35. Kxa4 Rc3 36. b5 Bd4 37. Kb4 Kd6 38. a4 Kd5 39. Ka5 e5 40. b6 Kc6 41. Kb4 Kxb6 42. Rg2 Kc6 43. g5 h5 44. Rd2 Kd5 45. a5 Rc8 46. Kb5 Rb8+ 47. Ka6 Kc6  0-1

[Event "Copenhagen Chess Challenge 2018"]
[Site "Ballerup"]
[Date "2018.04.27"]
[Round "5"]
[White "Nielsen, Thomas"]
[Black "Stampe, Roger"]
[Result "0-1"]
[WhiteElo "1585"]
[BlackElo "1992"]
[EventDate "2018.04.25"]
[EventRounds "9"]
[EventCountry "Danmark"]
[WhiteFideId "1431676"]
[BlackFideId "1512102"]

1. a3 c5 2. Nf3 Nc6 3. d4 cxd4 4. Nxd4 g6 5. Nxc6 bxc6 6. Bd2 Bg7 7. Bc3 Nf6 8. g3 O-O 9. Bg2 Rb8 10. O-O Qb6 11. Nd2 Ba6 12. Re1 Ng4 13. Ne4 Bxc3 14. bxc3 d5 15. h3 dxe4 16. hxg4 e3 17. Qd4 exf2+ 18. Qxf2 Qxf2+ 19. Kxf2 Rb2 20. Rec1 c5 21. a4 Rd8 22. Bc6 Bc4 23. Bb5 Be6 24. g5 Rd5 25. Rab1 Ra2 26. Bc6 Rf5+ 27. Ke1 Bd5 28. e4 Bxe4 29. Rb8+ Kg7 30. Bd7 Rxg5 31. Rc8 Bxc2 32. Rc7 Rxg3 33. Rxc5 Rg1+  0-1

[Event "Copenhagen Chess Challenge 2018"]
[Site "Ballerup"]
[Date "2018.04.27"]
[Round "5"]
[White "Kvaloy, Aksel Bu"]
[Black "Liu, Casper Yukun"]
[Result "1-0"]
[WhiteElo "1958"]
[BlackElo "1898"]
[EventDate "2018.04.25"]
[EventRounds "9"]
[EventCountry "Danmark"]
[WhiteFideId "1528815"]
[BlackFideId "1454153"]

1. e4 Nc6 2. Nf3 e5 3. d4 exd4 4. Bc4 Nf6 5. e5 d5 6. Bb5 Nd7 7. Bxc6 bxc6 8. O-O c5 9. c3 dxc3 10. Qxd5 Ba6 11. Ng5 Nxe5 12. Qxe5+ Qe7 13. Qxe7+ Bxe7 14. Re1 cxb2 15. Bxb2 Kf8 16. Ne4 Rb8 17. Ba3  1-0

[Event "Copenhagen Chess Challenge 2018"]
[Site "Ballerup"]
[Date "2018.04.27"]
[Round "5"]
[White "Vangsgaard, Claus"]
[Black "Larsen, Preben R."]
[Result "1-0"]
[WhiteElo "1938"]
[BlackElo "1796"]
[EventDate "2018.04.25"]
[EventRounds "9"]
[EventCountry "Danmark"]
[WhiteFideId "1417320"]
[BlackFideId "1425790"]

1. e4 e5 2. Nf3 Nc6 3. Bb5 a6 4. Bxc6 dxc6 5. O-O Bd6 6. d4 Bg4 7. dxe5 Bxf3 8. gxf3 Bxe5 9. f4 Bd4 10. c3 Bb6 11. Be3 Bxe3 12. fxe3 Qxd1 13. Rxd1 Nf6 14. e5 Ng4 15. Re1 O-O-O 16. h3 Nh6 17. Na3 Rd3 18. Rad1 Rhd8 19. Rxd3 Rxd3 20. Kf2 Nf5 21. Re2 c5 22. Nc2 Ne7 23. Ne1 Rd1 24. Nf3 h6 25. Re1 Rd8 26. h4 g6 27. Re2 Nf5 28. e4 Ng7 29. Rd2 Rxd2+ 30. Nxd2 Kd7 31. Ke3 Ke6 32. Nf3 Nh5 33. c4 Ng7 34. Ne1 b6 35. Nd3 Kd7 36. Kf3 Ke6 37. Kg4 f5+ 38. exf6 Kxf6 39. Ne5 Ne6 40. Nxg6 Ng7 41. f5 h5+ 42. Kf4 b5 43. e5+ Kf7 44. b3 c6 45. Kg5 a5 46. Nf4 Kg8 47. Nxh5 Ne8 48. Nf6+  1-0

[Event "Copenhagen Chess Challenge 2018"]
[Site "Ballerup"]
[Date "2018.04.27"]
[Round "5"]
[White "Saravana, Vedant Kumar"]
[Black "Jorgensen, Olav Erstad"]
[Result "1-0"]
[WhiteElo "1447"]
[BlackElo "1636"]
[EventDate "2018.04.25"]
[EventRounds "9"]
[EventCountry "Danmark"]
[WhiteFideId "45059730"]
[BlackFideId "1457063"]

1. e4 c5 2. Nf3 d6 3. d4 cxd4 4. Nxd4 Nf6 5. Nc3 a6 6. Be2 e5 7. Nf3 h6 8. O-O Be6 9. h3 Be7 10. Be3 Nbd7 11. Qd2 O-O 12. Rfe1 Qc7 13. Rad1 Rac8 14. a3 Qc6 15. Qd3 Nc5 16. Bxc5 Qxc5 17. Nh2 Kh8 18. Ng4 Nd7 19. Ne3 Nb6 20. Rd2 Bc4 21. Nxc4 Nxc4 22. Qxc4 Qxc4 23. Bxc4 Rxc4 24. Red1 Rfc8 25. Kf1 b5 26. Rd3 Bf8 27. f3 R4c5 28. Rd5 Rc4 29. R5d3 Rb8 30. R1d2 a5 31. Ke2 Kh7 32. Nd1 g6 33. Rc3 Rxc3 34. Nxc3 b4 35. axb4 Rxb4 36. b3 Rb7 37. Nd5 Kg7 38. Ne3 Ra7 39. Nc4 a4 40. bxa4 Rxa4 41. Nxd6 Ra2 42. Ne8+ Kh8 43. Nf6 Bb4 44. c3 Ra6 45. cxb4 Rxf6 46. b5 Rb6 47. Rb2 Rd6 48. b6 Rd8 49. b7 Rb8 50. Kd3 Kg8 51. Kc4 Kf8 52. Kd5 Ke7 53. Kc6 Kd8 54. Rd2+  1-0

[Event "Copenhagen Chess Challenge 2018"]
[Site "Ballerup"]
[Date "2018.04.27"]
[Round "5"]
[White "Hansen, Rune"]
[Black "Sundin, Sven-Ingvar"]
[Result "1/2-1/2"]
[WhiteElo "1967"]
[BlackElo "1663"]
[EventDate "2018.04.25"]
[EventRounds "9"]
[EventCountry "Danmark"]
[WhiteFideId "1500970"]
[BlackFideId "1724517"]

1. b3 e5 2. Bb2 Nc6 3. e3 d6 4. Bb5 Qg5 5. Qf3 Bd7 6. Nc3 f5 7. O-O-O O-O-O 8. Nh3 Qg6 9. Rhg1 Nf6 10. Qg3 Qxg3 11. hxg3 h6 12. f3 Be7 13. Ne2 a6 14. Bxc6 Bxc6 15. d4 e4 16. Nef4 d5 17. Ng6 Rhe8 18. Nhf4 Bd6 19. Rge1 Bxf4 20. gxf4 Nh7 21. Ba3 Re6 22. Ne7+ Rxe7 23. Bxe7 Re8 24. Bh4 b5 25. fxe4 Rxe4 26. Bf2 Bd7 27. Kd2 c6 28. a4 Nf6 29. axb5 cxb5 30. Ra1 Kb7 31. c3 Re6 32. Kd3 Ne4 33. Re2 Rc6 34. Be1 Be6 35. Rc2 h5 36. Rac1 Nd6 37. Bh4 g6 38. Be7 Ne4 39. Bh4 Nd6 40. Be7 Ne4 41. Bh4  1/2-1/2

[Event "Copenhagen Chess Challenge 2018"]
[Site "Ballerup"]
[Date "2018.04.27"]
[Round "5"]
[White "Sorensen, Bernhard W"]
[Black "Shamima, Akter"]
[Result "0-1"]
[WhiteElo "1762"]
[BlackElo "2176"]
[EventDate "2018.04.25"]
[EventRounds "9"]
[EventCountry "Danmark"]
[WhiteFideId "1442074"]
[BlackFideId "10202587"]

1. d4 d5 2. Bf4 c5 3. e3 Nc6 4. c3 Qb6 5. Qb3 c4 6. Qc2 Bf5 7. Qxf5 Qxb2 8. Be2 e6 9. Qg4 Nf6 10. Qg3 Qxa1 11. Nf3 Qxb1+ 12. Bd1 Qd3  0-1

[Event "Copenhagen Chess Challenge 2018"]
[Site "Ballerup"]
[Date "2018.04.28"]
[Round "6"]
[White "Hector, Jonny"]
[Black "Thybo, Jesper Sondergaard"]
[Result "1-0"]
[WhiteElo "2502"]
[BlackElo "2473"]
[EventDate "2018.04.25"]
[EventRounds "9"]
[EventCountry "Danmark"]
[WhiteFideId "1700090"]
[BlackFideId "1438832"]

1. e4 e6 2. d4 d5 3. Nc3 Bb4 4. Qd3 Ne7 5. Bd2 O-O 6. a3 Bxc3 7. Qxc3 dxe4 8. O-O-O Nbc6 9. Ne2 b6 10. Qe3 Qd5 11. Nc3 Qxd4 12. Qg3 Qe5 13. Bf4 Qf5 14. Bxc7 e5 15. Qe3 Be6 16. Ba6 Bc8 17. Be2 Bb7 18. g4 Qg6 19. Rd6 f6 20. Rhd1 Kh8 21. Rd7 Bc8 22. R7d2 Bb7 23. Bd6 Rfe8 24. Nb5 Rac8 25. Bxe7 Rxe7 26. Nd6 Rf8 27. Nf5 Ref7 28. h4 Nd4 29. Nxd4 exd4 30. Rxd4 f5 31. h5 Qc6 32. g5 f4 33. Qb3 Re7 34. Rd8 Rxd8 35. Rxd8+ Re8 36. Bb5 Qxb5 37. Qxb5 Rxd8 38. Qe5 e3 39. Qc7 Re8 40. h6  1-0